000 00565nam a2200229Ia 4500
003 OSt
005 20220918204349.0
006 a|||||r|||| 00| 0
007 ta
008 220917b |||||||| |||| 00| 0 eng d
024 _a112,360
037 _cTextual
040 _aARTS
_cARTS
_beng
041 _2eng
_aeng
082 _aV52:21wD37, J5
100 _aWalter Gerard
_9111773
245 0 _aNero tr by Emma Craufurd
260 _c1955
650 _aHISTORY
942 _hV52:21wD37, J5
_cTEXL
_2CC
999 _c235709
_d235709